| 000 | 00406nam a22001337a 4500 | ||
|---|---|---|---|
| 008 | 211004b ||||| |||| 00| 0 eng d | ||
| 020 | _a0906968100 | ||
| 050 | _aHC910.Z3198 1988 | ||
| 245 |
_aZimbabwe: _b The political economy of transition 1980-1986 _c/edited Mandaza, Ibbo. |
||
| 260 |
_bCodesria _aDakar _c1986 |
||
| 300 |
_axii, 430p. ; _c22cm. |
||
| 440 |
_aCodesria _950239 |
||
| 942 |
_2lcc _cMONOGRAPH |
||
| 999 |
_c130657 _d130657 |
||